000 00659nam a2200205Ii 4500
003 JO-AjNU
008 230605s9999||||xx |||||||||||||| ||und||
017 _a1990/378
040 _aJO-AjNU
_bara
_erda
_cJO-AjNU
041 _aara
050 1 4 _aDS79.66.A3278.U4294 1990
100 3 _aعليوي، هادي حسن,
_eauthor
_938114
245 0 0 _aعبد الكريم قاسم الحقيقة..
264 3 1 _aبغداد: دار الحرية، 1990
300 _a190ص
336 _atext
_btxt
_2rdacontent
337 _aunmediated
_bn
_2rdamedia
338 _avolume
_bnc
_2rdacarrier
650 4 _aالعراق- عبد الكريم قاسم-تاريخ
_938115
999 _aA15986
_c19554
_d19554